skbl

Dr Suryya Kumar Bhuyan Library Web-OPAC
ডঃ সূৰ্য্য
কুমাৰ ভূঞা পুথিভঁৰাল ৱেব-অ'পেক

All Research Scholars are advised to clear the annual library fees to continue using Library Resources, Remote Access, Plagiarism Test and Library Clearance.

Cotton University Book Fair 2026

The Holy Quran / (Record no. 2969)

MARC details
000 -LEADER
fixed length control field 00543nam a2200193Ia 4500
001 - CONTROL NUMBER
control field 2981
008 - FIXED-LENGTH DATA ELEMENTS--GENERAL INFORMATION
fixed length control field 220909s1920 ii a g b000 u 465 u
082 ## - DEWEY DECIMAL CLASSIFICATION NUMBER
Classification number 297.122
100 ## - MAIN ENTRY--PERSONAL NAME
Personal name Ali, Muhammad .
245 #0 - TITLE STATEMENT
Title The Holy Quran /
Statement of responsibility, etc. Muhammad Ali.
Medium Textual Documents
250 ## - EDITION STATEMENT
Edition statement 2nd Ed. /
260 ## - PUBLICATION, DISTRIBUTION, ETC.
Place of publication, distribution, etc. Lahore :
Name of publisher, distributor, etc. Ahmadiyya Anjuman-I-Ishaat-Islam ,
Date of publication, distribution, etc. 1920.
300 ## - PHYSICAL DESCRIPTION
Extent 1275p. :
Other physical details Figures ;
Dimensions 23 cm .
653 ## - INDEX TERM--UNCONTROLLED
Uncontrolled term Religion-Islam
653 ## - INDEX TERM--UNCONTROLLED
Uncontrolled term Islamic Religion
653 ## - INDEX TERM--UNCONTROLLED
Uncontrolled term G-Arabic & Persian
653 ## - INDEX TERM--UNCONTROLLED
Uncontrolled term T/G-Arabic&Persian
942 ## - ADDED ENTRY ELEMENTS (KOHA)
Source of classification or shelving scheme Dewey Decimal Classification
Koha item type Books
Holdings
Withdrawn status Lost status Damaged status Not for loan Home library Current library Date acquired Coded location qualifier Total checkouts Full call number Barcode Date last seen Copy number Price effective from Koha item type
      Not for loan Dr. Suryya Kumar Bhuyan Library Dr. Suryya Kumar Bhuyan Library 01/02/2012 00000   297.122 Al 41 Ho 403.26 13/01/2024 1 01/02/2012 Books
        Dr. Suryya Kumar Bhuyan Library Dr. Suryya Kumar Bhuyan Library 01/02/2012 00000   297.122 Al 41 Ho 403.232 13/01/2024 2 01/02/2012 Books

Designed and Maintained by Team SKBL
©1901-2026

Powered by Koha